000 00269nam a2200121Ia 4500
008 190216s9999||||xx |||||||||||||| ||und||
100 _aOnv Kurup
245 0 _aMayilpeeli
260 _bCurrent Books
_c1993
300 _a128
650 _aKavithkal
942 _cBK
999 _c24155
_d24155